| 000 | 02123naa2a2200217 4500 | ||
|---|---|---|---|
| 001 | RU\NLR\BIBL_A\010808616 | ||
| 005 | 20240728194624.0 | ||
| 035 | _a(NLR Aleph) 010808616 | ||
| 090 |
_a10193792 _c10193792 |
||
| 100 | _a20150727d2012 u y0rusy50 ca | ||
| 101 | 0 |
_arus _aeng _eeng |
|
| 102 | _aRU | ||
| 105 | _ay z 000 y | ||
| 200 | 1 |
_aFrom Parchment to Pixel: Preparing the Codex Sinaticus for the Journey to Cyberspace _dОт пергамента к пикселю: подготовка Синайского кодекса к путешествию в киберпространстве |
|
| 210 | _d2012 | ||
| 463 | 0 |
_1001RU\NLR\BIBL_A\010808534 _12001#$aСинайский кодекс и памятники древней христианской письменности: традиции и инновации в современных исследованиях$vС. 50-86: ил. _910193442 _a(Пятые Загреб. чтения), Санкт-Петербург, 12-13 ноября 2009 г. _cСанкт-Петербург _d2012 _lCodex Sinaiticus and old manuscripts of early christian writting: traditions and innovations in modern research _nРоссийская национальная библиотека _oтруды Международной научной конференции "Синайский кодекс. Рукопись в современном информационном пространстве", Санкт-Петербург, [и материалы выставки "Синайский кодекс и рукописи Синая в фондах Российской национальной библиотеки" и Форум, проходивших в рамках Загребинских чтений] _p260 с. _tСинайский кодекс и памятники древней христианской письменности: традиции и инновации в современных исследованиях _y9785819204283 _vС. 50-86: ил. |
|
| 701 | 1 |
_aMoorhead _bG. _gGavin |
|
| 701 | 1 |
_aMarzo _bF. _gFlavio |
|
| 701 | 1 |
_aMazzarino _bS. _gSara |
|
| 942 | _cBOOK | ||